Laplace Georges, Essai de typologie systématique

Bibliographic Details
Main Author: Bánesz, Ladislav, 1932-2000 (Author)
Format: Article
Language:Slovak

MARC

LEADER 00000nab a2200000 a 4500
001 vtls011130047
003 SK-MaSNL
005 20260303151143.0
008 230222|1967 xo |||||||||||||||||slo|
015 |a SNBRB 
035 |a (uuid)426797bc-1e82-4e01-baaf-bc8df2c3edd3 
035 |a (urnnbn)urn:nbn:sk:snk:ar-a09jlh 
035 |a urn:nbn:sk:snk-aba7oz 
040 |a SNKBUCL  |b slo  |c SNKBUCL  |e AACR2 
041 0 |a slo 
044 |a xo  |c SK 
100 1 |a Bánesz, Ladislav,  |d 1932-2000  |4 aut  |9 115522 
245 1 0 |a Laplace Georges, Essai de typologie systématique  |c Ladislav Bánesz 
773 0 |t Slovenská archeológia  |g Roč. 15, č. 1 (1967), s. 260-264 
954 |a odborná, vedecká literatúra pôvodná (slovenská)  |2 lita 
958 |a OND 
958 |a EUIPO 
958 |a article13 
999 |c 2016394  |d 2018324